Metódy a význam zaistenia v životnom poistení diplomová práca

Gespeichert in:
Bibliographische Detailangaben
1. Verfasser: Kolenčíková, Kristína
Körperschaft: Fakulta hospodárskej informatiky EU. Katedra matematiky a aktuárstva
Weitere Verfasser: Sakálová, Katarína, 1955-
Format: Buch
Sprache:Slowakisch
Veröffentlicht: Bratislava 2018
Tags: Tag hinzufügen
Keine Tags, Fügen Sie das erste Tag hinzu!

MARC

LEADER 00000nbm a2200000 4500
001 0243538
005 20180925080932.8
041 0 |a slo 
044 |a SK 
245 1 0 |a Metódy a význam zaistenia v životnom poistení  |b diplomová práca  |c Kristína Kolenčíková ; školiteľ: Katarína Sakálová 
264 1 |a Bratislava  |c 2018 
300 |a 72 s. 
100 1 |a Kolenčíková, Kristína 
700 1 |a Sakálová, Katarína, 1955- 
710 2 |a Fakulta hospodárskej informatiky EU. Katedra matematiky a aktuárstva